[Event "Olympiad Women-44"]
[Site "Chennai"]
[Date "2022.08.09"]
[Round "11.4"]
[White "Avila Fraire, Ameyalli"]
[Black "Raccanello, Marianna"]
[Result "0-1"]
[WhiteElo "1907"]
[BlackElo "2067"]
[PlyCount "114"]
[EventDate "2022.07.29"]
[EventType "team-swiss"]
[EventRounds "11"]
[EventCountry "IND"]
[SourceTitle "CBM 210"]
[Source "ChessBase"]
[SourceDate "2022.10.31"]
[SourceVersion "1"]
[SourceVersionDate "2022.10.31"]
[SourceQuality "1"]
[WhiteTeam "Mexico (W)"]
[BlackTeam "Italy (W)"]
[WhiteTeamCountry "MEX"]
[BlackTeamCountry "ITA"]

1. e4 c5 2. Nc3 Nc6 3. g3 g6 4. Bg2 Bg7 5. d3 e6 6. Be3 d6 7. Qd2 Nge7 8. Bh6 0-0 9. h4 Bxh6 10. Qxh6 f6 11. Qd2 e5 12. h5 g5 13. f4 h6 14. Nf3 Nd4 15. Nxg5 fxg5 16. fxg5 Bg4 17. gxh6 Nec6 18. Nd5 Kh7 19. c3 Nf3+ 20. Bxf3 Bxf3 21. Rf1 Rf7 22. Qe3 Qf8 23. Nc7 Rxc7 24. Rxf3 Qxh6 25. Ke2 Qxe3+ 26. Kxe3 Rg8 27. Rg1 Rcg7 28. Kf2 Nd8 29. Rf5 Ne6 30. Rf6 Rf8 31. Rf5 Rgf7 32. g4 Ng7 33. Rxf7 Rxf7+ 34. Ke3 Kh6 35. d4 cxd4+ 36. cxd4 Ne6 37. dxe5 dxe5 38. Rd1 Nd4 39. Rg1 Kg5 40. Rg3 Rf4 41. Rg2 Rf3+ 42. Kd2 Ne6 43. Ke2 Rf4 44. Rh2 Rxe4+ 45. Kf3 Rxg4 46. h6 Nd4+ 47. Kf2 Rf4+ 48. Kg2 Rf8 49. h7 Rh8 50. Kf2 Kg6 51. Ke3 Rxh7 52. Rxh7 Kxh7 53. Ke4 Nc6 54. Kf5 Kg7 55. a3 Kf7 56. b4 b5 57. Ke4 Ke6 0-1

[Event "Olympiad Women-44"]
[Site "Chennai"]
[Date "2022.07.31"]
[Round "3.4"]
[White "Leung, Hoi Ting"]
[Black "Avila Fraire, Ameyalli"]
[Result "0-1"]
[WhiteElo "1277"]
[BlackElo "1907"]
[PlyCount "184"]
[EventDate "2022.07.29"]
[EventType "team-swiss"]
[EventRounds "11"]
[EventCountry "IND"]
[SourceTitle "CBM 210"]
[Source "ChessBase"]
[SourceDate "2022.10.31"]
[SourceVersion "1"]
[SourceVersionDate "2022.10.31"]
[SourceQuality "1"]
[WhiteTeam "Hong Kong (W)"]
[BlackTeam "Mexico (W)"]
[WhiteTeamCountry "HKG"]
[BlackTeamCountry "MEX"]

1. d4 Nf6 2. Bf4 g6 3. Nc3 Bg7 4. e4 d6 5. Qd2 Nbd7 6. Nf3 c5 7. d5 Rb8 8. Bc4 Qa5 9. 0-0 b5 10. Bxb5 Rxb5 11. Nxb5 Qxb5 12. e5 dxe5 13. Bxe5 Nxe5 14. Nxe5 c4 15. c3 Qxd5 16. Qxd5 Nxd5 17. Rfe1 Be6 18. Rad1 0-0 19. Nxc4 Nxc3 20. bxc3 Bxc4 21. Rxe7 a6 22. Rc7 Bxa2 23. Ra1 Rb8 24. Rc6 a5 25. Kf1 Rb2 26. Rc8+ Bf8 27. Ra8 Bc4+ 28. Kg1 Rc2 29. R8xa5 Rxc3 30. Re5 Rc2 31. h3 Kg7 32. Rd1 Kf6 33. Re3 Bc5 34. Rf3+ Kg7 35. Rd7 Be6 36. Rd1 Bc8 37. Rf1 Bb7 38. Rf4 Ba6 39. Ra1 g5 40. Rf5 Bc8 41. Rxg5+ Kh6 42. Rg8 Bb7 43. Rf1 Ba6 44. Ra1 Rxf2 45. Kh2 Bc4 46. Rc1 Bd6+ 47. Kg1 Rf4 48. Kh1 Be6 49. Rd1 Bc5 50. Rc1 Bd4 51. Re1 Bc3 52. Rc1 Be5 53. Re1 f6 54. Re8 Bd5 55. Rd8 Bc6 56. Rg8 Rf2 57. Rc1 Bd5 58. Rg4 f5 59. Kg1 Rd2 60. Ra4 Bxg2 61. Rc5 Bd4+ 62. Rxd4 Rxd4 63. Kxg2 Kg5 64. Kg3 Rd3+ 65. Kg2 h5 66. Rc4 h4 67. Ra4 Rg3+ 68. Kh2 Re3 69. Kg2 Re4 70. Ra3 Re2+ 71. Kf1 Rh2 72. Kg1 Rd2 73. Rc3 Kf4 74. Rc4+ Kf3 75. Rc3+ Ke4 76. Rc4+ Rd4 77. Rxd4+ Kxd4 78. Kf2 Ke4 79. Ke2 f4 80. Kf2 Ke5 81. Kf3 Kf5 82. Ke2 Ke4 83. Kf2 f3 84. Ke1 Ke3 85. Kf1 f2 86. Kg2 Ke2 87. Kh2 f1R 88. Kg2 Rf2+ 89. Kg1 Kf3 90. Kh1 Kg3 91. Kg1 Rf3 92. Kh1 Rf1# 0-1

[Event "Pereira Gildardo Garcia Memorial-A"]
[Site "Pereira"]
[Date "2022.05.22"]
[Round "10"]
[White "Avila Fraire, Ameyalli"]
[Black "Pereira Vera, Henry Alberto"]
[Result "1/2-1/2"]
[WhiteElo "1953"]
[BlackElo "1790"]
[PlyCount "42"]
[EventDate "2022.05.18"]
[EventType "swiss"]
[EventRounds "10"]
[EventCountry "COL"]
[SourceTitle "CBM 208 Extra"]
[Source "ChessBase"]
[SourceDate "2022.07.31"]
[SourceVersion "1"]
[SourceVersionDate "2022.07.31"]
[SourceQuality "1"]

1. e4 d5 2. exd5 Qxd5 3. Nc3 Qd6 4. d4 c6 5. Nf3 Bg4 6. h3 Bxf3 7. Qxf3 Qxd4 8. Be3 Qd8 9. Rd1 Nd7 10. Bc4 e6 11. 0-0 Ngf6 12. Bg5 Qa5 13. Bxf6 Nxf6 14. Ne4 Be7 15. Nxf6+ Bxf6 16. Qb3 0-0 17. Qxb7 Rab8 18. Qxc6 Rfc8 19. Qe4 Bxb2 20. Bb3 Rd8 21. Qe2 Qb6 1/2-1/2

[Event "Pereira Gildardo Garcia Memorial-A"]
[Site "Pereira"]
[Date "2022.05.18"]
[Round "2"]
[White "Gonzalez Velasco, Leandro"]
[Black "Avila Fraire, Ameyalli"]
[Result "1-0"]
[WhiteElo "2054"]
[BlackElo "1953"]
[PlyCount "95"]
[EventDate "2022.05.18"]
[EventType "swiss"]
[EventRounds "10"]
[EventCountry "COL"]
[SourceTitle "CBM 208 Extra"]
[Source "ChessBase"]
[SourceDate "2022.07.31"]
[SourceVersion "1"]
[SourceVersionDate "2022.07.31"]
[SourceQuality "1"]

1. e4 c5 2. Nf3 Nc6 3. d4 cxd4 4. Nxd4 Nf6 5. Nc3 d6 6. Bg5 e6 7. Qd2 a6 8. 0-0-0 Bd7 9. f4 Be7 10. Bxf6 Bxf6 11. Nf3 Be7 12. Kb1 Qa5 13. Bc4 Qc5 14. Bb3 b5 15. Rhe1 a5 16. a4 Nb4 17. Ne5 Bc8 18. Nd3 Nxd3 19. Qxd3 bxa4 20. Bxa4+ Bd7 21. Bxd7+ Kxd7 22. Nb5 Rhd8 23. f5 Rab8 24. fxe6+ fxe6 25. c4 Rb6 26. Qc3 a4 27. Qxg7 Qxc4 28. Nxd6 Rxd6 29. Rxd6+ Kxd6 30. Rd1+ Kc6 31. Rc1 Qxc1+ 32. Kxc1 Rd7 33. Qe5 Rd6 34. Qa5 Bf6 35. Qxa4+ Kb7 36. Qb5+ Kc7 37. Qh5 Rd7 38. b4 Be7 39. Qa5+ Kb7 40. Qb5+ Kc7 41. Qc4+ Kd8 42. Qxe6 Bg5+ 43. Kc2 h6 44. Kb3 Rd2 45. b5 Rd1 46. b6 Be3 47. Qg8+ Kd7 48. Qg4+ 1-0

[Event "Madrid-chT 1920 Honor"]
[Site "Madrid"]
[Date "2020.01.11"]
[Round "4.6"]
[White "Lopez del Alamo, Antonio"]
[Black "Avila Fraire, Ameyalli"]
[Result "1-0"]
[WhiteElo "2268"]
[BlackElo "1990"]
[PlyCount "51"]
[EventDate "2019.11.24"]
[EventType "team-tourn"]
[EventRounds "12"]
[EventCountry "ESP"]
[SourceTitle "EXT 2021"]
[Source "ChessBase"]
[SourceDate "2020.10.23"]
[SourceVersion "1"]
[SourceVersionDate "2020.10.23"]
[SourceQuality "1"]
[WhiteTeam "Villalba 64"]
[BlackTeam "Virgen de Atocha"]
[WhiteTeamCountry "ESP"]
[BlackTeamCountry "ESP"]

1. e4 c5 2. Nf3 d6 3. d4 cxd4 4. Nxd4 Nf6 5. Nc3 Nc6 6. Be2 e5 7. Nb3 Be6 8. 0-0 Be7 9. Be3 a6 10. Nd5 Bxd5 11. exd5 Na5 12. c4 0-0 13. Rc1 Nxb3 14. Qxb3 Qd7 15. f4 e4 16. f5 Rfe8 17. Bd4 Rac8 18. Rc3 Bd8 19. Rg3 Qc7 20. Qe3 Kh8 21. Qg5 Rg8 22. Rf4 Qa5 23. Bc3 Qc5+ 24. Kh1 Ne8 25. Qh5 Rf8 26. Rh3 1-0

[Event "Iberoamerican-ch 7th"]
[Site "Linares"]
[Date "2019.08.11"]
[Round "2"]
[White "Balbuena Fuentes, Mario"]
[Black "Avila Fraire, Ameyalli"]
[Result "1-0"]
[WhiteElo "2268"]
[BlackElo "2038"]
[PlyCount "119"]
[EventDate "2019.08.10"]
[EventType "swiss"]
[EventRounds "9"]
[EventCountry "ESP"]
[SourceTitle "CBM 191 Extra"]
[Source "ChessBase"]
[SourceDate "2019.09.30"]
[SourceVersion "1"]
[SourceVersionDate "2019.09.30"]
[SourceQuality "1"]

1. e4 c5 2. Nc3 Nc6 3. Bb5 a6 4. Bxc6 bxc6 5. f4 d5 6. d3 e6 7. Nf3 Nf6 8. 0-0 g6 9. e5 Nd7 10. b3 Bg7 11. Na4 Qa5 12. Qe1 Qxe1 13. Rxe1 Rb8 14. c4 Bf8 15. Ba3 a5 16. Rac1 Ba6 17. Red1 Rc8 18. g4 Be7 19. g5 h6 20. h4 Kd8 21. Kg2 h5 22. Ne1 Rc7 23. Rc2 Re8 24. Rdc1 Kc8 25. cxd5 cxd5 26. Nxc5 Bxc5 27. Bxc5 Kb7 28. Bd6 Rxc2+ 29. Rxc2 Rc8 30. Rxc8 Kxc8 31. Kf2 Kb7 32. Ke3 Nb6 33. Kd4 Kc6 34. a4 Nc8 35. Bc5 Kd7 36. Kc3 Kc6 37. d4 Nb6 38. Bxb6 Kxb6 39. Nd3 Kc6 40. Nc5 Be2 41. b4 axb4+ 42. Kxb4 Bf1 43. Ka5 Be2 44. Na6 Bf1 45. Nb4+ Kb7 46. Nc2 Bd3 47. Na3 Kc6 48. Nb5 Bc2 49. Nd6 Bd3 50. Nxf7 Bf5 51. Kb4 Bd3 52. Nd8+ Kd7 53. Nb7 Kc6 54. Nc5 Bf5 55. a5 Bh3 56. a6 Kb6 57. Nd7+ Kxa6 58. Nf8 Bf5 59. Kc5 Kb7 60. Kd6 1-0

[Event "Iberoamerican-ch 7th"]
[Site "Linares"]
[Date "2019.08.10"]
[Round "1"]
[White "Avila Fraire, Ameyalli"]
[Black "Lopez Mulet, Inigo"]
[Result "0-1"]
[WhiteElo "2038"]
[BlackElo "2397"]
[PlyCount "64"]
[EventDate "2019.08.10"]
[EventType "swiss"]
[EventRounds "9"]
[EventCountry "ESP"]
[SourceTitle "CBM 191 Extra"]
[Source "ChessBase"]
[SourceDate "2019.09.30"]
[SourceVersion "1"]
[SourceVersionDate "2019.09.30"]
[SourceQuality "1"]

1. e4 c5 2. Nf3 e6 3. g3 Nc6 4. Bg2 Nf6 5. Qe2 Be7 6. 0-0 d5 7. d3 0-0 8. c4 dxe4 9. dxe4 Nd4 10. Qd3 Qb6 11. b3 Ng4 12. Bb2 Rd8 13. h3 Bf6 14. Nxd4 Ne5 15. Qd2 cxd4 16. Na3 Be7 17. Nc2 Nxc4 18. bxc4 Qxb2 19. Rfb1 Qc3 20. Qxc3 dxc3 21. e5 Rd2 22. Bxb7 Bxb7 23. Rxb7 Bc5 24. Rc1 Rxf2 25. Kh1 h5 26. Rb3 Rd8 27. Rb5 Rdd2 28. Rxc5 Rxc2 29. Rb1 Rh2+ 30. Kg1 Rcg2+ 31. Kf1 Rh1+ 32. Kxg2 Rxb1 0-1

[Event "Gibraltar Masters 17th"]
[Site "Caleta"]
[Date "2019.01.24"]
[Round "3"]
[White "Avila Fraire, Ameyalli"]
[Black "Jaksland, Tim"]
[Result "1/2-1/2"]
[WhiteElo "1994"]
[BlackElo "2264"]
[PlyCount "81"]
[EventDate "2019.01.22"]
[EventType "swiss"]
[EventRounds "10"]
[EventCountry "GGB"]
[SourceTitle "CBM 188 Extra"]
[Source "ChessBase"]
[SourceDate "2019.02.26"]
[SourceVersion "1"]
[SourceVersionDate "2019.02.26"]
[SourceQuality "1"]

1. e4 c5 2. Nf3 e6 3. g3 Nc6 4. Bg2 Nf6 5. Qe2 e5 6. Nc3 d6 7. Nd5 g6 8. c3 Bg7 9. 0-0 0-0 10. Ne1 Be6 11. Nc2 Qd7 12. Nce3 Nh5 13. d3 Rae8 14. Bd2 Ne7 15. Bf3 Nf6 16. Nxf6+ Bxf6 17. Bg4 Bg7 18. f4 exf4 19. Rxf4 f5 20. exf5 Nxf5 21. Re1 Bh6 22. Re4 Bxe3+ 23. Bxe3 Bd5 24. Rxe8 Rxe8 25. c4 Bc6 26. Qf2 Rf8 27. Bf4 Qg7 28. Bxf5 Rxf5 29. Qe2 Qd4+ 30. Be3 Qf6 31. Bc1 Kf7 32. b3 Re5 33. Qf2 Rxe1+ 34. Qxe1 Qf5 35. Qf2 Bf3 36. Qe3 Bc6 37. Qf4 Ke6 38. Qxf5+ Kxf5 39. Bf4 Ke6 40. Kf2 h5 41. Ke3 1/2-1/2

[Event "Gibraltar Masters 17th"]
[Site "Caleta"]
[Date "2019.01.22"]
[Round "1"]
[White "Avila Fraire, Ameyalli"]
[Black "Danielian, Elina"]
[Result "1/2-1/2"]
[WhiteElo "1994"]
[BlackElo "2427"]
[PlyCount "104"]
[EventDate "2019.01.22"]
[EventType "swiss"]
[EventRounds "10"]
[EventCountry "GGB"]
[SourceTitle "CBM 188 Extra"]
[Source "ChessBase"]
[SourceDate "2019.02.26"]
[SourceVersion "1"]
[SourceVersionDate "2019.02.26"]
[SourceQuality "1"]

1. e4 d6 2. d4 Nf6 3. Nc3 g6 4. Bg5 Bg7 5. Qd2 h6 6. Bh4 Nbd7 7. 0-0-0 g5 8. Bg3 Nh5 9. Nge2 c5 10. h4 Nxg3 11. Nxg3 cxd4 12. Nb5 g4 13. Nxd4 Qb6 14. Ngf5 Be5 15. Ne3 Nf6 16. Nc4 Qxd4 17. Qxd4 Bxd4 18. Rxd4 Be6 19. e5 dxe5 20. Nxe5 Rc8 21. Bb5+ Kf8 22. Nd7+ Bxd7 23. Bxd7 Rd8 24. Rhd1 e6 25. Bb5 Rxd4 26. Rxd4 Ke7 27. Be2 h5 28. Ra4 a6 29. Rb4 b5 30. c4 Rc8 31. Kd2 Rd8+ 32. Ke1 Rd4 33. a3 bxc4 34. Bxc4 a5 35. Rb7+ Kf8 36. Bb5 Re4+ 37. Kf1 Re5 38. Bc6 Rc5 39. Rb6 Nd5 40. Bxd5 Rxd5 41. Ke2 Kg7 42. Ke3 Kf6 43. Rb7 Re5+ 44. Kd3 Rf5 45. Ke3 Rd5 46. Ke4 Rd2 47. Ke3 Rd5 48. b4 axb4 49. axb4 Re5+ 50. Kd3 Rf5 51. Ke3 Re5+ 52. Kd3 Rf5 1/2-1/2

[Event "Capablanca Memorial op 53rd"]
[Site "Havana"]
[Date "2018.05.13"]
[Round "5"]
[White "Vargas Rodriguez, Wilver"]
[Black "Avila Fraire, Ameyalli"]
[Result "1/2-1/2"]
[WhiteElo "2294"]
[BlackElo "2002"]
[PlyCount "130"]
[EventDate "2018.05.09"]
[EventType "swiss"]
[EventRounds "10"]
[EventCountry "CUB"]
[SourceTitle "EXT 2021"]
[Source "ChessBase"]
[SourceDate "2020.10.23"]
[SourceVersion "1"]
[SourceVersionDate "2020.10.23"]
[SourceQuality "1"]

1. e4 c5 2. c3 Nf6 3. e5 Nd5 4. d4 cxd4 5. Nf3 Nc6 6. cxd4 d6 7. exd6 Qxd6 8. Nc3 g6 9. Be2 Bg7 10. 0-0 0-0 11. Bg5 a6 12. Qd2 Rd8 13. Rfd1 b5 14. Rac1 Bb7 15. Ne4 Qc7 16. Nc5 Rac8 17. b3 Qb6 18. Nxb7 Qxb7 19. Ne5 f6 20. Nxc6 Rxc6 21. Rxc6 Qxc6 22. Bh4 Qc3 23. Bf3 Qxd2 24. Rxd2 Kf7 25. a3 f5 26. g4 fxg4 27. Bxg4 Nf4 28. Bg5 Ne6 29. Bxe6+ Kxe6 30. Re2+ Kf5 31. Rxe7 Bxd4 32. h4 h5 33. Kg2 Rc8 34. Rd7 Be5 35. Rf7+ Ke6 36. Ra7 Rc6 37. Kf3 Kf5 38. Rf7+ Ke6 39. Rf8 Kd5 40. Rd8+ Rd6 41. Rc8 Rd7 42. Rg8 Rd6 43. a4 bxa4 44. bxa4 Rb6 45. a5 Rc6 46. Rd8+ Ke6 47. Ke4 Rc4+ 48. Kd3 Rc3+ 49. Ke4 Rc4+ 50. Kd3 Ra4 51. Bd2 Bc7 52. Rc8 Bxa5 53. Rc6+ Kf7 54. Rxa6 Ra3+ 55. Ke4 Bb4 56. Rxa3 Bxa3 57. Bg5 Bc5 58. f3 Ke6 59. Bd8 Bf2 60. Kf4 Kf7 61. Ke5 Bg3+ 62. f4 Bf2 63. Bg5 Be1 64. f5 gxf5 65. Kxf5 Bxh4 1/2-1/2

[Event "Gibraltar Masters 16th"]
[Site "Caleta"]
[Date "2018.01.23"]
[Round "1"]
[White "Avila Fraire, Ameyalli"]
[Black "Cawdery, Daniel"]
[Result "1/2-1/2"]
[WhiteElo "2014"]
[BlackElo "2446"]
[PlyCount "179"]
[EventDate "2018.01.23"]
[EventType "swiss"]
[EventRounds "10"]
[EventCountry "GGB"]
[SourceTitle "CBM 183"]
[Source "ChessBase"]
[SourceDate "2018.03.14"]
[SourceVersion "1"]
[SourceVersionDate "2018.03.14"]
[SourceQuality "1"]

1. e4 c5 2. Nf3 d6 3. d4 cxd4 4. Nxd4 Nf6 5. Nc3 g6 6. Be3 Bg7 7. f3 0-0 8. Qd2 Nc6 9. Bc4 Bd7 10. 0-0-0 Rc8 11. Bb3 Nxd4 12. Bxd4 b5 13. e5 dxe5 14. Bxe5 Bc6 15. Qxd8 Rfxd8 16. Rxd8+ Rxd8 17. Rd1 Bh6+ 18. Kb1 Rxd1+ 19. Nxd1 Nd7 20. Bd4 a5 21. Nc3 e6 22. a4 b4 23. Nb5 Bf8 24. Bc4 Bc5 25. Bxc5 Nxc5 26. b3 Bxb5 27. Bxb5 Kf8 28. Kb2 Ke7 29. c3 Kd6 30. cxb4 axb4 31. Kc2 Nb7 32. Be8 f6 33. Kd3 Na5 34. Bf7 Kd5 35. Kc2 Nc6 36. Bg8 Nd4+ 37. Kb2 h6 38. Bh7 g5 39. Bd3 Kc5 40. Bc4 e5 41. Kc1 Nc6 42. Kd2 Kd4 43. Be6 h5 44. Bf7 h4 45. Be8 Na5 46. Bf7 f5 47. Be6 e4 48. fxe4 Kxe4 49. Ke2 g4 50. Bf7 f4 51. Bg6+ Ke5 52. Bf7 Kf6 53. Bd5 Ke5 54. Bf7 Nc6 55. Bc4 Nd4+ 56. Kf2 Nc6 57. Ke2 Nd4+ 58. Kf2 g3+ 59. hxg3 hxg3+ 60. Kf1 Nc2 61. Bf7 Ne3+ 62. Kg1 Kd6 63. Bg8 Kc5 64. Bf7 Nf5 65. Kf1 Ne3+ 66. Kg1 Kd6 67. Bg8 Ke7 68. Bh7 Kd6 69. Bg8 Nf5 70. Kf1 Kc5 71. Ke2 Nh4 72. Kf1 Ng6 73. Ke2 Ne5 74. Be6 Nc6 75. Bg8 Kd4 76. Kf3 Ke5 77. Ke2 Nd4+ 78. Kf1 Kd6 79. Bf7 Kc6 80. Bg8 Kc5 81. Bf7 Nc6 82. Bg8 Kd4 83. Ke2 Ke5 84. Bf7 Kd4 85. Bg8 Ne5 86. Be6 Ke4 87. Bg8 Nc6 88. Bh7+ Ke5 89. Bg8 Nd4+ 90. Kf1 1/2-1/2